[Event "Rubinstein mem"]
[Site "Polanica Zdroj"]
[Date "1977.??.??"]
[Round "10"]
[White "Vogt, Lothar"]
[Black "Gulko, Boris F"]
[Result "1/2-1/2"]
[WhiteElo "2495"]
[BlackElo "2585"]
[PlyCount "75"]
[EventDate "1977.08.??"]
[Source "ChessBase"]

1. e4 c5 2. Nf3 a6 3. c3 e6 4. d4 d5 5. e5 Nc6 6. Be2 Bd7 7. O-O Qc7 8. a3 c4 9. Bf4 Na5 10. Nbd2 Ne7 11. Qc2 h6 12. h4 Nc8 13. b4 cxb3 14. Nxb3 Ba4 15. Nfd2 Nb6 16. Qa2 Nxb3 17. Nxb3 Be7 18. g3 O-O 19. Rfc1 Bb5 20. Bd1 Bd3 21. Nd2 Rfc8 22. a4 a5 23. Nf3 Nc4 24. Be2 Bxe2 25. Qxe2 Qc6 26. g4 Rab8 27. h5 b5 28. g5 hxg5 29. Bxg5 Qe8 30. axb5 Rxb5 31. Kg2 Rb2 32. Qd3 f6 33. exf6 gxf6 34. Bf4 Qxh5 35. Rh1 Qg4+ 36. Kf1 Qf5 37. Qxf5 exf5 38. Nh4 1/2-1/2

[Event "IV Open"]
[Site "Calvia ESP"]
[Date "2007.10.17"]
[Round "3"]
[White "Cornette, M."]
[Black "Mamedov, Rau"]
[Result "0-1"]
[WhiteElo "2494"]
[BlackElo "2586"]
[PlyCount "68"]
[EventDate "2007.10.15"]
[Source "www.chesslib.no"]
[SourceDate "2004.05.04"]

1. e4 c5 2. Nf3 a6 3. Nc3 b5 4. d4 cxd4 5. Nxd4 Bb7 6. Bd3 d6 7. O-O Nf6 8. Re1 Nbd7 9. a4 e5 10. Nf5 b4 11. Na2 d5 12. exd5 Bxd5 13. Bf4 Qc7 14. Qe2 Bc5 15. c4 O-O 16. Bxe5 Nxe5 17. Qxe5 Bxf2+ 18. Kf1 Qxe5 19. Rxe5 Be6 20. Nxb4 Ng4 21. Ra5 Rfe8 22. Nd5 Ba7 23. Nfe7+ Kf8 24. c5 Rad8 25. h3 Bxd5 26. Nxd5 Rxd5 27. hxg4 Rxd3 28. b4 Rd4 29. Rxa6 Re7 30. Rb1 Rf4+ 31. Kg1 Rxb4 32. Rc1 Rc7 33. Ra5 Rxg4 34. Kh2 Rg5 0-1

[Event "VII Gibtelecom Masters"]
[Site "Caleta ING"]
[Date "2009.01.27"]
[Round "1"]
[White "Svidler, P."]
[Black "Van Eijk, S."]
[Result "1-0"]
[WhiteElo "2723"]
[BlackElo "2355"]
[PlyCount "49"]
[EventDate "2009.01.27"]
[Source "www.chesslib.no"]
[SourceDate "2004.05.04"]

1. e4 c5 2. Nf3 a6 3. c4 Nc6 4. d4 cxd4 5. Nxd4 e5 6. Nf5 d6 7. Nc3 g6 8. Ne3 Nge7 9. h4 h5 10. Nc2 Bg7 11. Be3 O-O 12. Qd2 Be6 13. O-O-O Qa5 14. Kb1 b5 15. Nd5 Qxd2 16. Rxd2 bxc4 17. Bxc4 Nxd5 18. Bxd5 Bd7 19. Bb3 Rfd8 20. Rxd6 Be8 21. Rxg6 Kh8 22. Bxf7 Bxf7 23. Rxc6 Rdc8 24. Rxc8+ Rxc8 25. Rd1 1-0

[Event "BUL Ch"]
[Site "Sofia BUL"]
[Date "1996.??.??"]
[Round "5"]
[White "Spasov, Vasil V"]
[Black "Delchev, Aleksander"]
[Result "1/2-1/2"]
[WhiteElo "2570"]
[BlackElo "2505"]
[PlyCount "78"]
[EventDate "1996.??.??"]
[Source "www.chesslib.no"]
[SourceDate "2004.05.04"]

1. e4 c5 2. Nf3 a6 3. c3 d5 4. exd5 Qxd5 5. d4 Nf6 6. Be2 e6 7. O-O Nc6 8. Be3 cxd4 9. Nxd4 Qd6 10. Nd2 Bd7 11. Nc4 Qc7 12. Bf3 Nxd4 13. Qxd4 Bb5 14. b3 Bxc4 15. Qxc4 Qxc4 16. bxc4 O-O-O 17. Bb6 Rd3 18. Rfd1 Rxd1+ 19. Rxd1 Nd7 20. c5 Nxb6 21. cxb6 Bc5 22. c4 h5 23. h4 Rh6 24. Re1 Rf6 25. Re5 Bxb6 26. c5 Bd8 27. Rxh5 Rf4 28. Rh7 Bxh4 29. Rxg7 Be7 30. c6 bxc6 31. Bxc6 Bc5 32. Bf3 f5 33. Kf1 Rb4 34. Bc6 Rb6 35. Ba4 Rb1+ 36. Ke2 Rb2+ 37. Kd3 Rxa2 38. Bd7+ Kb8 39. Bxe6 Rxf2 1/2-1/2

[Event "BUL Ch"]
[Site "Sofia BUL"]
[Date "1996.??.??"]
[Round "5"]
[White "Spasov, Vasil V"]
[Black "Delchev, Aleksander"]
[Result "1-0"]
[WhiteElo "2570"]
[BlackElo "2505"]
[PlyCount "99"]
[EventDate "1996.??.??"]
[Source "www.chesslib.no"]
[SourceDate "2004.05.04"]

1. e4 c5 2. Nf3 a6 3. c3 d5 4. exd5 Qxd5 5. d4 Nf6 6. Be2 e6 7. O-O Be7 8. c4 Qd8 9. dxc5 Qxd1 10. Rxd1 Ne4 11. Be3 Nc6 12. Nc3 Nxc5 13. Rab1 O-O 14. b4 Nd7 15. a3 Nf6 16. Ng5 e5 17. f3 Bf5 18. Bd3 Bxd3 19. Rxd3 Rfd8 20. Rbd1 Rxd3 21. Rxd3 Rd8 22. Rxd8+ Bxd8 23. Kf2 h6 24. Nge4 Nxe4+ 25. Nxe4 Be7 26. g4 Kf8 27. Ke2 Ke8 28. Kd3 Kd7 29. Nc5+ Bxc5 30. Bxc5 g6 31. b5 Nd8 32. Be3 h5 33. g5 Ne6 34. Ke4 axb5 35. cxb5 Nc7 36. b6 Nb5 37. a4 Nd6+ 38. Kd5 Nf5 39. Bf2 Nd4 40. Bxd4 exd4 41. Kxd4 Kc6 42. Ke5 Kxb6 43. Kf6 Ka5 44. Kxf7 Kxa4 45. Kxg6 b5 46. Kxh5 b4 47. g6 b3 48. g7 b2 49. g8=Q b1=Q 50. Qa8+ 1-0

[Event "Tilburg"]
[Site "Tilburg"]
[Date "1992.??.??"]
[Round "1"]
[White "Nijboer, Friso"]
[Black "Kurajica, Bojan"]
[Result "1-0"]
[WhiteElo "2485"]
[BlackElo "2590"]
[PlyCount "75"]
[EventDate "1992.10.??"]
[Source "ChessBase"]

1. e4 c5 2. Nf3 a6 3. c3 d5 4. exd5 Qxd5 5. d4 e6 6. Bd3 Nf6 7. O-O Be7 8. Nbd2 cxd4 9. Nc4 Qd8 10. cxd4 O-O 11. Nce5 b5 12. a4 b4 13. a5 Bb7 14. Bg5 Nbd7 15. Qe2 h6 16. Bd2 Ra7 17. Rfe1 Kh8 18. Ra4 Nd5 19. Nxd7 Qxd7 20. Raa1 Nf6 21. Be3 Raa8 22. Ne5 Qd5 23. f3 Qd8 24. Rec1 Nd5 25. Bd2 Bg5 26. Rc4 Rb8 27. Be4 Be7 28. Kh1 Rc8 29. Rxc8 Qxc8 30. Bd3 Nf6 31. Qe1 Nd5 32. Rc1 Qa8 33. Qe4 Nf6 34. Qh4 Kg8 35. Bxh6 gxh6 36. Qxh6 Rc8 37. Rxc8+ Qxc8 38. Ng4 1-0

[Event "Calviá ol (Men)"]
[Site "Mallorca"]
[Date "2004.10.29"]
[Round "14.12"]
[White "Kveinys, Aloyzas"]
[Black "Kurajica, Bojan"]
[Result "1/2-1/2"]
[WhiteElo "2531"]
[BlackElo "2541"]
[PlyCount "63"]
[EventDate "2004.10.15"]
[Source "Roberto Alvarez"]
[SourceDate "2004.10.25"]

1. e4 c5 2. Nf3 a6 3. c4 d6 4. d4 Bg4 5. d5 g6 6. Be2 Bg7 7. O-O Nd7 8. Ng5 Bxe2 9. Qxe2 h6 10. Nh3 Qb6 11. a4 Bd4 12. a5 Qd8 13. Be3 e5 14. dxe6 fxe6 15. Bxd4 cxd4 16. e5 dxe5 17. f4 Qc7 18. Nd2 Ne7 19. fxe5 O-O-O 20. Nf4 Qxe5 21. Qxe5 Nxe5 22. Nxe6 Rd6 23. Nc5 Nf5 24. b3 Rc6 25. Nce4 Re8 26. c5 Kd7 27. Ra4 Rce6 28. Nd6 Nxd6 29. Rxd4 Nc6 30. Rxd6+ Rxd6 31. cxd6 Nxa5 32. b4 1/2-1/2

[Event "Velden Open"]
[Site "Velden GER"]
[Date "1995.??.??"]
[Round "7"]
[White "Movsziszian, Karen"]
[Black "Eingorn, Vereslav S"]
[Result "1/2-1/2"]
[WhiteElo "2470"]
[BlackElo "2595"]
[PlyCount "107"]
[EventDate "1995.06.??"]
[Source "www.chesslib.no"]
[SourceDate "2004.05.04"]

1. e4 c5 2. Nf3 a6 3. d3 Nc6 4. g3 g6 5. Bg2 Bg7 6. c3 d6 7. h3 e5 8. O-O Nge7 9. a3 O-O 10. b4 h6 11. Be3 cxb4 12. axb4 Be6 13. d4 exd4 14. Nxd4 Qd7 15. Nxe6 Qxe6 16. Qd2 Nxb4 17. Bxh6 Bxh6 18. Qxh6 Nd3 19. Nd2 Rac8 20. Nf3 Qf6 21. Ra3 Ne5 22. Nd4 Qg7 23. Qg5 N7c6 24. Rd1 Rfe8 25. h4 Nd8 26. Rb3 Rc5 27. Qe3 Nc4 28. Qd3 Rc7 29. f4 b5 30. Qf3 Nb7 31. Bf1 Nb6 32. Re1 Nc5 33. Rb4 Nca4 34. Re3 Rec8 35. Bh3 Re8 36. h5 Nc4 37. Re2 Nc5 38. hxg6 fxg6 39. e5 dxe5 40. fxe5 Qf7 41. Qxf7+ Kxf7 42. e6+ Kg7 43. Bg2 Nd6 44. Bc6 Ree7 45. Ra2 Nf5 46. Bd5 Nxd4 47. cxd4 Nxe6 48. Rxa6 Rc1+ 49. Kh2 Nc7 50. Rd6 Ne8 51. Re6 Rxe6 52. Bxe6 Nd6 53. Rb2 Rd1 54. Bd7 1/2-1/2

[Event "Yerevan"]
[Site "Yerevan"]
[Date "1989.??.??"]
[Round "?"]
[White "Akopian, Vladimir"]
[Black "Csom, Istvan"]
[Result "1-0"]
[WhiteElo "2520"]
[BlackElo "2545"]
[PlyCount "68"]
[EventDate "1989.05.??"]
[Source "ChessBase"]

1. e4 c5 2. Nf3 a6 3. d4 cxd4 4. Nxd4 Nf6 5. Nc3 e5 6. Nde2 Bc5 7. Ng3 Qb6 8. Qd2 d6 9. Bc4 Be6 10. Bb3 Nbd7 11. O-O Rc8 12. Qe2 h6 13. Kh1 O-O 14. f4 Bd4 15. Bd2 Rfe8 16. fxe5 Bxe5 17. Nf5 Qd8 18. Qf3 Nf8 19. Qh3 N6h7 20. Bxh6 Ng5 21. Qh5 Nfh7 22. h4 Rxc3 23. Bxg5 Nxg5 24. Bxe6 Rxe6 25. bxc3 Nxe4 26. Rae1 Nf6 27. Qg5 Qf8 28. Nd4 Re8 29. Re3 Nh7 30. Qg4 Kh8 31. Nf3 Nf6 32. Qf5 g6 33. Qh3 Nh5 34. Nxe5 Rxe5 1-0

[Event "ESP-chT Final"]
[Site "Sanxenxo"]
[Date "2003.11.17"]
[Round "1"]
[White "Tiviakov, Sergei"]
[Black "Khamrakulov, Ibragim S"]
[Result "1/2-1/2"]
[WhiteElo "2601"]
[BlackElo "2464"]
[PlyCount "75"]
[EventDate "2003.11.17"]
[Source "Roberto Alvarez"]
[SourceDate "2003.12.08"]

1. e4 c5 2. Nf3 a6 3. c3 d5 4. exd5 Qxd5 5. d4 Nf6 6. Be2 cxd4 7. cxd4 g6 8. Nc3 Qd8 9. Ne5 Bg7 10. Bf3 O-O 11. O-O Ne8 12. Bf4 Nd6 13. Qd2 Nd7 14. Rad1 Nf6 15. Rfe1 Be6 16. d5 Bf5 17. Bh6 Bxh6 18. Qxh6 Qb6 19. Rd2 Rfe8 20. Qf4 Rad8 21. h3 Nd7 22. Ng4 Bxg4 23. hxg4 f6 24. Re3 Ne5 25. Be2 Rc8 26. Rh3 Rf8 27. g5 Ndc4 28. Bxc4 Rxc4 29. Qe3 Qd6 30. Re2 Rf7 31. f3 b5 32. b3 Rc7 33. gxf6 exf6 34. Ne4 Qxd5 35. Nxf6+ Rxf6 36. Qxe5 Qxe5 37. Rxe5 Rd6 38. Rh1 1/2-1/2

[Event "Moscow"]
[Site "Moscow"]
[Date "1985.??.??"]
[Round "?"]
[White "Geller, Efim P"]
[Black "Razuvaev, Yuri S"]
[Result "1/2-1/2"]
[WhiteElo "2540"]
[BlackElo "2520"]
[PlyCount "45"]
[EventDate "1985.04.??"]
[Source "ChessBase"]

1. Nf3 c5 2. e4 a6 3. c3 d5 4. exd5 Qxd5 5. d4 e6 6. Be2 Nf6 7. O-O cxd4 8. Nxd4 Qc5 9. Re1 Be7 10. Bf4 O-O 11. Bf3 Nc6 12. Nxc6 bxc6 13. Nd2 Rd8 14. Qc2 Nd5 15. Ne4 Qb6 16. Bd2 Rb8 17. b3 h6 18. Rad1 a5 19. Qc1 Qc7 20. Ng3 e5 21. Qc2 Bc5 22. Bc1 Be6 23. a3 1/2-1/2

[Event "Ship Yuzhnaya Palmyra"]
[Site "?"]
[Date "2006.08.30"]
[Round "5"]
[White "Golubev Mihail"]
[Black "Eingorn Vereslav S"]
[Result "0-1"]
[WhiteElo "2467"]
[BlackElo "2590"]
[PlyCount "40"]
[EventDate "2006.??.??"]
[Source "www.chesslib.no"]
[SourceDate "2004.05.04"]

1. e4 c5 2. Nf3 a6 3. c3 d5 4. exd5 Qxd5 5. d4 e6 6. Bd3 Nf6 7. O-O Be7 8. Re1 Nc6 9. Bg5 cxd4 10. cxd4 Nxd4 11. Qa4+ Nc6 12. Rd1 Qa5 13. Qh4 h6 14. Nc3 Bd7 15. Rac1 Ne5 16. Nd4 Nxd3 17. Ne4 Nxc1 18. Bxf6 Bxf6 19. Nxf6+ gxf6 20. Qxf6 Rg8 0-1

[Event "Warsaw zt-A"]
[Site "Warsaw"]
[Date "1987.??.??"]
[Round "?"]
[White "Sax, Gyula"]
[Black "Csom, Istvan"]
[Result "1-0"]
[WhiteElo "2570"]
[BlackElo "2485"]
[PlyCount "83"]
[EventDate "1987.02.??"]
[Source "ChessBase"]

1. e4 c5 2. Nf3 a6 3. Nc3 b5 4. d4 cxd4 5. Nxd4 Bb7 6. Bg5 f6 7. Be3 e6 8. Qg4 Nc6 9. Nxc6 Bxc6 10. O-O-O Qa5 11. Kb1 Ne7 12. Bd3 g6 13. Qg3 Rc8 14. f4 Qc7 15. h4 b4 16. Ne2 Qb7 17. Bd4 Bxe4 18. Bxf6 Nf5 19. Bxe4 Qxe4 20. Qd3 Qxd3 21. Rxd3 Bg7 22. Bxg7 Nxg7 23. Rd6 Rc4 24. Rhd1 Re4 25. Rxd7 O-O 26. Nd4 Rexf4 27. Rxg7+ Kxg7 28. Nxe6+ Kh6 29. Nxf8 Rxf8 30. b3 Kh5 31. Rd4 a5 32. g3 h6 33. a3 bxa3 34. Ka2 Rf2 35. Rc4 Rg2 36. Kxa3 Rxg3 37. Ka4 Rg4 38. Rxg4 Kxg4 39. c4 g5 40. c5 Kf5 41. hxg5 hxg5 42. Kxa5 1-0

[Event "Pinamar Masters 2nd"]
[Site "Pinamar"]
[Date "2002.03.21"]
[Round "1"]
[White "Felgaer, Ruben"]
[Black "Ricardi, Pablo"]
[Result "0-1"]
[WhiteElo "2509"]
[BlackElo "2544"]
[PlyCount "56"]
[EventDate "2002.03.21"]
[Source "ChessBase"]
[SourceDate "2002.03.21"]

1. e4 c5 2. Nf3 a6 3. g3 g6 4. Bg2 Bg7 5. d4 cxd4 6. Nxd4 Nf6 7. O-O O-O 8. Nc3 d6 9. a4 Nc6 10. Nde2 Rb8 11. Nd5 e6 12. Nxf6+ Bxf6 13. Ra3 Qc7 14. f4 Bg7 15. Rd3 Rd8 16. b3 b5 17. axb5 axb5 18. c3 d5 19. Be3 b4 20. exd5 exd5 21. Rxd5 bxc3 22. Rxd8+ Nxd8 23. Bd4 Ne6 24. Bxg7 Kxg7 25. Qd3 Rxb3 26. Bd5 Qc5+ 27. Rf2 Ba6 28. Qd1 Rb2 0-1

[Event "Metz op 18th"]
[Site "Metz"]
[Date "2000.04.18"]
[Round "4"]
[White "Galkin, Alexander"]
[Black "Sulava, Nenad"]
[Result "1-0"]
[WhiteElo "2566"]
[BlackElo "2486"]
[PlyCount "45"]
[EventDate "2000.04.15"]
[Source "ChessBase"]
[SourceDate "2000.05.11"]

1. e4 c5 2. Nf3 a6 3. c3 d5 4. exd5 Qxd5 5. d4 e6 6. Be3 cxd4 7. cxd4 Nf6 8. Nc3 Bb4 9. Bd3 b5 10. O-O Bxc3 11. bxc3 Bb7 12. a4 Ne4 13. Qc2 Nd7 14. Rfb1 O-O 15. axb5 axb5 16. Rxa8 Rxa8 17. Bxb5 Ra2 18. Qd3 Ra3 19. Bxd7 Nxc3 20. Rc1 Qa2 21. Bd2 Ba6 22. Rxc3 Qa1+ 23. Ne1 1-0

[Event "Salou-A"]
[Site "Salou"]
[Date "2000.??.??"]
[Round "3"]
[White "Oratovsky, Michael"]
[Black "Georgiev, Vladimir"]
[Result "1/2-1/2"]
[WhiteElo "2486"]
[BlackElo "2564"]
[PlyCount "29"]
[EventDate "2000.10.16"]
[Source "ChessBase"]
[SourceDate "2001.01.25"]

1. e4 c5 2. Nf3 a6 3. c4 d6 4. d4 Nf6 5. Nc3 cxd4 6. Nxd4 Nc6 7. Be2 Nxd4 8. Qxd4 g6 9. Bg5 Bg7 10. Qd2 O-O 11. f3 Bd7 12. Rc1 b5 13. b3 b4 14. Bxf6 exf6 15. Nd5 1/2-1/2

[Event "Debrecen"]
[Site "Debrecen"]
[Date "1989.??.??"]
[Round "?"]
[White "Kotronias, Vasilios"]
[Black "Csom, Istvan"]
[Result "1/2-1/2"]
[WhiteElo "2505"]
[BlackElo "2545"]
[PlyCount "75"]
[EventDate "1989.06.??"]
[Source "ChessBase"]

1. e4 c5 2. Nf3 a6 3. g3 b6 4. Bg2 Bb7 5. d3 e6 6. O-O Be7 7. Nbd2 d6 8. c3 Nf6 9. b4 Qc7 10. Bb2 Nbd7 11. Qe2 O-O 12. Rac1 Rfc8 13. d4 Qd8 14. bxc5 dxc5 15. d5 exd5 16. e5 Ne4 17. c4 Nf8 18. Rcd1 Nxd2 19. Nxd2 Ra7 20. cxd5 Bxd5 21. Nc4 Bxc4 22. Rxd8 Bxe2 23. Rxc8 Bxf1 24. Bxf1 b5 25. a4 c4 26. axb5 axb5 27. Rb8 Rc7 28. Rxb5 c3 29. Bc1 g6 30. Rb8 Kg7 31. Bh3 Nd7 32. Bxd7 Rxd7 33. Kg2 Rc7 34. Kf3 f6 35. e6 Rc6 36. Rb7 Rxe6 37. Rc7 Kf7 38. Rxc3 1/2-1/2

[Event "Istanbul ol (Men)"]
[Site "Istanbul"]
[Date "2000.11.07"]
[Round "10"]
[White "Gallagher, Joseph G"]
[Black "Kurajica, Bojan"]
[Result "0-1"]
[WhiteElo "2514"]
[BlackElo "2534"]
[PlyCount "62"]
[EventDate "2000.10.??"]
[Source "www.chesslib.no"]
[SourceDate "2004.05.04"]

1. e4 c5 2. Nf3 a6 3. Nc3 b5 4. d3 Bb7 5. g3 g6 6. Bg2 Bg7 7. O-O d6 8. a3 Nd7 9. Be3 e5 10. Nd5 Ne7 11. c4 Nxd5 12. cxd5 O-O 13. b4 Qe7 14. Qb3 Nb6 15. Rac1 Rac8 16. Nd2 Na4 17. Nc4 f5 18. exf5 gxf5 19. bxc5 Nxc5 20. Bxc5 Rxc5 21. Na5 Rxc1 22. Rxc1 Bc8 23. Qb4 Qf6 24. Nc6 f4 25. gxf4 Bh6 26. d4 Bxf4 27. dxe5 Qh4 28. Kf1 Bh3 29. Rc3 Bxg2+ 30. Kxg2 Qxh2+ 31. Kf1 Be3 0-1

[Event "Tch (Men) 2005/2006 CZE"]
[Site "?"]
[Date "2006.03.25"]
[Round "10"]
[White "Jansa Vlastimil"]
[Black "Laznicka Viktor"]
[Result "0-1"]
[WhiteElo "2521"]
[BlackElo "2525"]
[PlyCount "84"]
[EventDate "2006.??.??"]
[Source "www.chesslib.no"]
[SourceDate "2004.05.04"]

1. e4 c5 2. Nf3 a6 3. g3 Nc6 4. Bg2 e6 5. O-O d6 6. d4 cxd4 7. Nxd4 Bd7 8. c4 Be7 9. Nc3 Nf6 10. b3 O-O 11. Bb2 Rc8 12. Rc1 Qa5 13. a3 b5 14. cxb5 Nxd4 15. Qxd4 axb5 16. Na2 Bc6 17. Nb4 Bb7 18. Rfd1 Qa8 19. f3 e5 20. Qe3 d5 21. exd5 Rxc1 22. Rxc1 Nxd5 23. Nxd5 Bxd5 24. b4 f6 25. Kf2 Qb7 26. Bh3 Bd8 27. Bc8 Qb8 28. Kg2 Bb6 29. Qd3 Bc4 30. Rxc4 bxc4 31. Qxc4+ Kh8 32. Bf5 g6 33. Bb1 Rd8 34. Bc3 Qd6 35. Bc2 Qd7 36. Be4 Rc8 37. Qb3 Bd4 38. Bd2 f5 39. Bd5 Qb5 40. Bg5 e4 41. Be6 Qe2+ 42. Kh3 Rc2 0-1

[Event "Romanian Open"]
[Site "Predeal ROM"]
[Date "2007.08.13"]
[Round "3"]
[White "Istratescu, A."]
[Black "Ardeleanu, A."]
[Result "1-0"]
[WhiteElo "2629"]
[BlackElo "2416"]
[PlyCount "69"]
[EventDate "2007.08.11"]
[Source "www.chesslib.no"]
[SourceDate "2004.05.04"]

1. e4 c5 2. Nf3 a6 3. c4 d6 4. d4 cxd4 5. Nxd4 Nf6 6. Nc3 g6 7. Be2 Bg7 8. Be3 O-O 9. O-O Nbd7 10. f3 Re8 11. Nc2 Qc7 12. Rc1 e6 13. Qd2 b6 14. Rfd1 Bf8 15. Bf1 Bb7 16. Qf2 Be7 17. Kh1 Rac8 18. Bd4 Bd8 19. Qd2 Be7 20. Bg1 Ne5 21. Ne3 Qb8 22. b3 Ned7 23. Rc2 Bc6 24. Rdc1 h5 25. Bf2 Ne5 26. Ned1 h4 27. Qe3 Nfd7 28. Qh6 Nf6 29. Bxh4 d5 30. cxd5 Neg4 31. fxg4 Nxg4 32. Bg3 Qxg3 33. hxg3 Nxh6 34. dxc6 Rxc6 35. Nd5 1-0

[Event "Camp. mondiale femminile 2008"]
[Site "Nalchik RUS"]
[Date "2008.09.04"]
[Round "3.2"]
[White "Ruan Lufei"]
[Black "Cramling, P."]
[Result "1/2-1/2"]
[WhiteElo "2499"]
[BlackElo "2544"]
[PlyCount "75"]
[EventDate "2008.08.29"]
[Source "www.chesslib.no"]
[SourceDate "2004.05.04"]

1. e4 c5 2. Nf3 a6 3. c4 e6 4. d4 cxd4 5. Nxd4 Bc5 6. Nb3 Ba7 7. Bf4 Qf6 8. Qd2 e5 9. Bg5 Qg6 10. Nc3 Nf6 11. Bxf6 Qxf6 12. c5 O-O 13. Bc4 b5 14. cxb6 Qxb6 15. Nd5 Qd8 16. O-O Nc6 17. Ne3 Qg5 18. Rad1 a5 19. Nf5 Qxd2 20. Nxd2 Rb8 21. b3 d6 22. Bd5 Bxf5 23. Bxc6 Bg4 24. Rc1 Be2 25. Rfe1 Ba6 26. Nc4 Bxc4 27. Rxc4 f5 28. Re2 fxe4 29. Bxe4 Rbc8 30. Bd5+ Kh8 31. g3 Rxc4 32. bxc4 Rb8 33. Kg2 Bd4 34. Kf3 Rb2 35. Rxb2 Bxb2 36. Ke4 g6 37. f3 Kg7 38. Bc6 1/2-1/2

[Event "Hotel Agro GM"]
[Site "Budapest"]
[Date "1999.07.31"]
[Round "2"]
[White "Cao Sang"]
[Black "Varga, Zoltan"]
[Result "1/2-1/2"]
[WhiteElo "2501"]
[BlackElo "2541"]
[PlyCount "65"]
[EventDate "1999.08.05"]
[Source "ChessBase"]
[SourceDate "1999.12.01"]

1. e4 c5 2. Nf3 a6 3. d4 cxd4 4. Nxd4 e5 5. Ne2 Nf6 6. Nec3 Bc5 7. Bd3 h6 8. O-O O-O 9. Nd2 b5 10. Nf3 d6 11. h3 Bb7 12. Re1 Nbd7 13. a3 b4 14. Na4 bxa3 15. b3 Bc6 16. Bxa3 Bxa4 17. bxa4 Bxa3 18. Rxa3 Nc5 19. Nd2 Qc7 20. Bc4 Rab8 21. Rf3 Nxa4 22. Rxf6 Nb2 23. Qg4 Nxc4 24. Nxc4 Qxc4 25. Rxh6 Qxc2 26. Rxd6 Rb1 27. Rxb1 Qxb1+ 28. Kh2 a5 29. Rd5 a4 30. Rxe5 a3 31. Rg5 g6 32. Rxg6+ fxg6 33. Qxg6+ 1/2-1/2

[Event "EU-chT (Men)"]
[Site "Debrecen"]
[Date "1992.??.??"]
[Round "4"]
[White "Sax, Gyula"]
[Black "Fernandes, Antonio"]
[Result "1-0"]
[WhiteElo "2600"]
[BlackElo "2440"]
[PlyCount "59"]
[EventDate "1992.11.??"]
[Source "ChessBase"]

1. e4 c5 2. Nf3 a6 3. c3 d5 4. exd5 Qxd5 5. d4 Nf6 6. Be2 e6 7. O-O Nc6 8. Be3 cxd4 9. cxd4 Be7 10. Nc3 Qd6 11. Nd2 O-O 12. Nc4 Qd8 13. Bf3 Nd5 14. Nxd5 exd5 15. Bxd5 Qxd5 16. Nb6 Qe4 17. Nxa8 Bg4 18. Qe1 Qg6 19. f3 Bf5 20. Nb6 Nb4 21. Bd2 Nc2 22. Qxe7 Qxb6 23. Rad1 Qxd4+ 24. Kh1 Qxb2 25. Bc3 Qb6 26. Qe5 Qg6 27. g4 Be6 28. Rf2 Re8 29. Rxc2 f6 30. Qe4 1-0

[Event "Czech Republic"]
[Site "?"]
[Date "2003.??.??"]
[Round "6"]
[White "Stocek Jiri"]
[Black "Rasik Vitezslav"]
[Result "1/2-1/2"]
[WhiteElo "2569"]
[BlackElo "2469"]
[PlyCount "123"]
[EventDate "2003.??.??"]
[Source "www.chesslib.no"]
[SourceDate "2004.05.04"]

1. e4 c5 2. Nf3 a6 3. c3 d6 4. d4 cxd4 5. cxd4 Nf6 6. Bd3 g6 7. O-O Bg7 8. e5 dxe5 9. dxe5 Ng4 10. Qe2 Nc6 11. Rd1 Qc7 12. Nc3 O-O 13. Nd5 Qa5 14. Bc4 Ngxe5 15. Nxe5 Bxe5 16. Bd2 Qd8 17. Bg5 Bd6 18. Rd2 b5 19. Bb3 Be6 20. Nxe7+ Nxe7 21. Bxe6 Qc7 22. h3 Rae8 23. Bb3 Nf5 24. Qf3 Bh2+ 25. Kh1 Be5 26. Qd5 h6 27. Rc2 Qd6 28. Qxd6 Bxd6 29. Bf6 Be5 30. Rc6 Nd4 31. Rxa6 Nxb3 32. axb3 Bxf6 33. Rxf6 Re2 34. Ra5 Re5 35. Ra7 Re2 36. Rb7 Kg7 37. Rf4 Re5 38. Rb4 Rd8 39. R7xb5 Rxb5 40. Rxb5 Rd2 41. Kg1 Rxb2 42. h4 Rb1+ 43. Kh2 Rb2 44. Kg3 Kf6 45. Kf3 h5 46. g3 Ke6 47. Ke3 Rc2 48. Rb6+ Kf5 49. Rb4 f6 50. Rf4+ Ke5 51. Kd3 Rb2 52. Kc3 Rb1 53. Kc4 g5 54. hxg5 fxg5 55. Rf3 Rc1+ 56. Kb5 Rh1 57. b4 h4 58. gxh4 gxh4 59. Kb6 h3 60. b5 h2 61. Rh3 Kf4 62. Kb7 1/2-1/2

[Event "Paris-ch op"]
[Site "Paris"]
[Date "2001.07.24"]
[Round "4"]
[White "Fressinet, Laurent"]
[Black "Shirazi, Kamran G"]
[Result "1-0"]
[WhiteElo "2606"]
[BlackElo "2432"]
[PlyCount "73"]
[EventDate "2001.07.21"]
[Source "ChessBase"]
[SourceDate "2001.09.11"]

1. e4 c5 2. Nf3 a6 3. Nc3 Nf6 4. e5 Ng4 5. h3 Nh6 6. Ne4 d6 7. exd6 exd6 8. d4 Nf5 9. dxc5 d5 10. Nc3 Bxc5 11. Bd3 Bxf2+ 12. Kxf2 Qb6+ 13. Ke1 Ng3 14. Rg1 O-O 15. Bf4 Re8+ 16. Kd2 Bf5 17. Kc1 Bxd3 18. Qxd3 Qf2 19. Qd4 Qxd4 20. Nxd4 Nh5 21. Bxb8 Raxb8 22. Kd2 Re5 23. Rae1 Rg5 24. g4 Nf4 25. h4 Rg6 26. Ref1 Ne6 27. Nxe6 fxe6 28. g5 h6 29. Ne2 e5 30. Rf5 Re8 31. h5 Rb6 32. gxh6 Rxh6 33. Rfg5 Rh7 34. Ng3 Kf7 35. Rf1+ Ke6 36. Rff5 Kd6 37. Rf7 1-0

[Event "EUCup 17th"]
[Site "Panormo"]
[Date "2001.09.27"]
[Round "5"]
[White "Paehtz, Thomas Sr"]
[Black "Georgiev, Vladimir"]
[Result "1/2-1/2"]
[WhiteElo "2451"]
[BlackElo "2584"]
[PlyCount "20"]
[EventDate "2001.09.22"]
[Source "ChessBase"]
[SourceDate "2001.10.26"]

1. e4 c5 2. Nf3 a6 3. c4 e6 4. Nc3 Qc7 5. b3 Nc6 6. Bb2 Nf6 7. Be2 Nd4 8. d3 b6 9. Nxd4 cxd4 10. Nb1 Bc5 1/2-1/2

[Event "Boeblingen op"]
[Site "Boeblingen"]
[Date "1997.??.??"]
[Round "?"]
[White "Meijers, Viesturs"]
[Black "Eingorn, Vereslav S"]
[Result "1/2-1/2"]
[WhiteElo "2445"]
[BlackElo "2590"]
[PlyCount "59"]
[EventDate "1997.12.??"]
[Source "www.chesslib.no"]
[SourceDate "2004.05.04"]

1. e4 c5 2. Nf3 a6 3. d4 cxd4 4. Nxd4 Nf6 5. Nc3 e5 6. Nf3 Bb4 7. Bc4 Qc7 8. Qd3 d6 9. O-O Bxc3 10. Qxc3 O-O 11. Qd3 b5 12. Bd5 Nxd5 13. Qxd5 Bb7 14. Qd3 Nd7 15. Be3 Nf6 16. Nd2 d5 17. exd5 Nxd5 18. c4 Nxe3 19. Qxe3 Rad8 20. cxb5 axb5 21. f3 Qc2 22. Nb3 Qxb2 23. Rf2 Qa3 24. Qxe5 Bd5 25. Qb2 b4 26. Nd4 g6 27. Rb1 Qxb2 28. Rbxb2 Bxa2 29. Rxb4 Bd5 30. Rd2 1/2-1/2

[Event "Thessaloniki"]
[Site "?"]
[Date "2003.12.29"]
[Round "1"]
[White "Mastrovasilis Dimitrios"]
[Black "Banikas Hristodoulos"]
[Result "0-1"]
[WhiteElo "2512"]
[BlackElo "2522"]
[PlyCount "66"]
[EventDate "2003.??.??"]
[Source "www.chesslib.no"]
[SourceDate "2004.05.04"]

1. e4 c5 2. Nf3 a6 3. c3 d5 4. exd5 Qxd5 5. d4 Nf6 6. Be2 e6 7. O-O Nc6 8. Be3 cxd4 9. cxd4 Be7 10. Nc3 Qd6 11. Nd2 Qd8 12. Nc4 O-O 13. Bf3 Nd5 14. Nxd5 exd5 15. Bxd5 Qxd5 16. Nb6 Qd8 17. Nxa8 Nb4 18. Rc1 Nd5 19. Qc2 Bd6 20. Qb3 Be6 21. Qxb7 Qxa8 22. Qxa8 Rxa8 23. Bd2 Kf8 24. b3 Ke8 25. Rc6 Kd7 26. Rfc1 h6 27. h3 Ne7 28. Rb6 Bd5 29. Bb4 Bf4 30. Rc5 Bc7 31. Rxc7+ Kxc7 32. Ba5 Kd7 33. Bb4 Nc8 0-1

[Event "Skopje op 18th"]
[Site "Skopje"]
[Date "2002.01.22"]
[Round "8"]
[White "Mitkov, Nikola"]
[Black "Kurajica, Bojan"]
[Result "0-1"]
[WhiteElo "2492"]
[BlackElo "2539"]
[PlyCount "62"]
[EventDate "2002.01.15"]
[Source "ChessBase"]
[SourceDate "2002.03.21"]

1. e4 c5 2. Nf3 a6 3. Nc3 b5 4. d4 e6 5. Be3 Qc7 6. a4 b4 7. Nb1 Nf6 8. Nbd2 d5 9. e5 cxd4 10. Bxd4 Nfd7 11. b3 Nc6 12. Bb2 Bc5 13. Bd3 Ncxe5 14. Nxe5 Nxe5 15. Qe2 Bd6 16. Rc1 O-O 17. g3 f6 18. f4 Nxd3+ 19. cxd3 Qb6 20. Nf3 e5 21. fxe5 fxe5 22. Nxe5 Bxe5 23. Bxe5 Bg4 24. Qd2 Rf3 25. d4 Qg6 26. Qc2 Qg5 27. Qd2 Re3+ 28. Kf2 Rf8+ 29. Bf4 Rxf4+ 30. gxf4 Qxf4+ 31. Kg1 Rg3+ 0-1